Design of machine members (Record no. 545935)
[ view plain ]
| 000 -LEADER | |
|---|---|
| fixed length control field | 00590cam a22001691 4500 |
| 082 00 - DEWEY DECIMAL CLASSIFICATION NUMBER | |
| Classification number | 621.815 |
| Author Mark | VAL |
| -- | L-12, P-45 |
| 100 1# - MAIN ENTRY--PERSONAL NAME | |
| Personal name | Vallance, Alex. |
| 9 (RLIN) | 41911 |
| 245 10 - TITLE STATEMENT | |
| Title | Design of machine members |
| Statement of responsibility, etc. | [by] Venton Levy Doughtie [and] Alex. Vallance, with some revisions by Leonhardt F. Kreisle. |
| 250 ## - EDITION STATEMENT | |
| Edition statement | 3rd ed. |
| 260 ## - PUBLICATION, DISTRIBUTION, ETC. | |
| Place of publication, distribution, etc. | New York, |
| Name of publisher, distributor, etc. | McGraw-Hill |
| Date of publication, distribution, etc. | [1964] |
| 300 ## - PHYSICAL DESCRIPTION | |
| Extent | vi, 520 p. |
| Other physical details | illus. |
| Dimensions | 23 cm. |
| 500 ## - GENERAL NOTE | |
| General note | First ed. by Alex. Vallance. |
| 526 ## - STUDY PROGRAM INFORMATION NOTE | |
| Program name | 0 |
| Interest level | 0 |
| Reading level | 0 |
| Title point value | 621_815000000000000_VAL |
| 650 #0 - SUBJECT ADDED ENTRY--TOPICAL TERM | |
| Topical term or geographic name entry element | Machine design. |
| 9 (RLIN) | 18984 |
| 700 1# - ADDED ENTRY--PERSONAL NAME | |
| Personal name | Doughtie, Venton Levy, |
| 9 (RLIN) | 41912 |
| 942 ## - ADDED ENTRY ELEMENTS (KOHA) | |
| Source of classification or shelving scheme | |
| Koha item type | Book |
| Withdrawn status | Lost status | Source of classification or shelving scheme | Damaged status | Not for loan | Permanent Location | Current Location | Date acquired | Total Checkouts | Full call number | Barcode | Date last seen | Price effective from | Koha item type |
|---|---|---|---|---|---|---|---|---|---|---|---|---|---|
| Military College of Engineering (MCE) | Military College of Engineering (MCE) | 05/30/2014 | 621.815 VAL | MCE-2241 | 05/30/2014 | 05/30/2014 | Book |
